Contributi alla teoria dei iudicia contraria
Saved in:
| Hovedforfatter: | |
|---|---|
| Format: | Bog |
| Sprog: | italiensk |
| Udgivet: |
Turín
G. Giappichelli
1951
|
| Serier: | Memorie dell'Istituto Giuridico, 75
|
| Fag: | |
| Tags: |
Tilføj Tag
Ingen Tags, Vær først til at tagge denne postø!
|
MARC
| LEADER | 00000nam a2200000 a 4500 | ||
|---|---|---|---|
| 001 | UCR1260 | ||
| 003 | CL-VaPUC | ||
| 008 | 971212e19510000IT |||||||||||||||||ita|d | ||
| 082 | 0 | 4 | |a 340.54 |b PRO |2 21 |
| 100 | 0 | |a Provera, Giuseppe |e author |9 398309 | |
| 245 | 1 | 0 | |a Contributi alla teoria dei iudicia contraria |
| 300 | |a 134 p | ||
| 942 | |c BK | ||
| 945 | |d 19971212 00:00:00 |a aolguin | ||
| 260 | |a Turín |b G. Giappichelli |c 1951 | ||
| 650 | 0 | |a Derecho romano |9 255930 | |
| 650 | 0 | |a Obligaciones |9 255578 | |
| 650 | 0 | |a Derecho de las obligaciones |9 328248 | |
| 650 | 0 | |a Negocio jurídico |9 258242 | |
| 650 | 7 | |a EFECTOS |2 CL-VaPUC |9 360458 | |
| 650 | 7 | |a CONTRAPOSICION |2 CL-VaPUC |9 398310 | |
| 650 | 0 | |a Aplicación del derecho |9 381025 | |
| 583 | |a last modification |c 19971212 00:00:00 |k Rodrigo Vera | ||
| 490 | 0 | |a Memorie dell'Istituto Giuridico, 75 | |
| 999 | |c 264735 |d 264733 | ||
| 952 | |0 0 |1 0 |4 0 |6 340_540000000000000_PRO_1951 |7 0 |8 DER_ROM |9 295142 |a BIBDER |b BIBDER |d 2019-11-19 |i 1918893 |o 340.54 PRO 1951 |p 1918893 |r 2023-01-25 |w 2019-11-19 |x Ubicación 4to piso |y BK |z Este recurso debe solicitarse con anticipación |k DER | ||